000 01030nam a2200193Ia 4500
008 151121s9999||||xx |||||||||||||| ||und||
082 _a781/गर्ग
082 _bHNW-58467
100 _aगर्ग लक्ष्मीनारायण - संपा।( भातखंडे )
245 _aहिंदुस्तानी संगीत-पद्धति -पहली पुस्तक
260 _b"संगीत कार्यालय, हाथरस,उत्तरप्रदेश"
260 _c--
300 _a67
600 _aगर्ग लक्ष्मीनारायण - संपा।( भातखंडे )
630 _aहिंदुस्तानी संगीत-पद्धति -पहली पुस्तक
700 _aगर्ग लक्ष्मीनारायण - संपा।( भातखंडे )
730 _aहिंदुस्तानी संगीत-पद्धति -पहली पुस्तक
942 _cBOOK
999 _c1240292
_d1240289